| 000 | 01028nam a22002777a 4500 | ||
|---|---|---|---|
| 003 | EG-ScBUE | ||
| 005 | 20211128103641.0 | ||
| 008 | 110918s1988 ku a f 000 p ara d | ||
| 040 |
_aEG-BUE _bara _erda _cEG-ScBUE _dEG-ScBUE |
||
| 082 | 0 | 4 |
_a892.71 _bر ش ي _222 |
| 100 | 1 |
_926683 _aالرشيدي، حباب السندي، _eمؤلف. |
|
| 245 | 1 | 0 |
_aديوان بن عبس بين اليوم والأمس. _nالجزء الأول، _p1988 / _cحباب الرشيدي. |
| 246 | 3 | 0 | _a1988 |
| 250 | _aالطبعة الأولى. | ||
| 264 | 1 |
_a[الكويت] : _bحباب الرشيدي، _c1988. |
|
| 300 |
_a397 صفحة : _bإيضاحيات ؛ _c24 سم |
||
| 336 |
_2rdacontent _aنص _btxt |
||
| 337 |
_2rdamedia _aبدون وسيط _bn |
||
| 338 |
_2rdacarrier _aمجلد _bnc |
||
| 650 | 7 |
_aالشعر العربي _xتاريخ. _2BUEsh |
|
| 650 | 7 |
_aالشعر العربي _xدواوين وقصائد. |
|
| 651 | _2BUEsh | ||
| 653 |
_bARALIT _cNovember2021 |
||
| 655 |
_vReading book _934232 |
||
| 942 |
_2ddc _cBB |
||
| 999 |
_c16047 _d16047 |
||